000
00206nam a22000977a 4500
999
_c
15809
_d
15809
003
OSt
008
191021b ||||| |||| 00| 0 eng d
100
_a
Thomas, C J.
_9
4324
245
_a
Lenis skate
942
_c
BK